Negotiating essentials : Theory, skills, and practices (Record no. 609009)
[ view plain ]
| 000 -LEADER | |
|---|---|
| fixed length control field | 00853nam a2200253Ia 4500 |
| 003 - CONTROL NUMBER IDENTIFIER | |
| control field | OSt |
| 005 - DATE AND TIME OF LATEST TRANSACTION | |
| control field | 20260327151940.0 |
| 008 - FIXED-LENGTH DATA ELEMENTS--GENERAL INFORMATION | |
| fixed length control field | 220923b |||||||| |||| 00| 0 eng d |
| 020 ## - INTERNATIONAL STANDARD BOOK NUMBER | |
| International Standard Book Number | 9788131721056 |
| 037 ## - SOURCE OF ACQUISITION | |
| Terms of availability | General Book |
| 040 ## - CATALOGING SOURCE | |
| Original cataloging agency | RTL |
| Transcribing agency | RTL |
| Language of cataloging | eng |
| 041 ## - LANGUAGE CODE | |
| Source of code | eng |
| Language code of text/sound track or separate title | eng |
| 084 ## - COLON CLASSIFICATION NUMBER | |
| Classification number | X:8N92 , P8 |
| Assigning agency | RTL |
| 100 ## - MAIN ENTRY--PERSONAL NAME | |
| Personal name | CARRELL Michael R. |
| 9 (RLIN) | 256415 |
| 245 #0 - TITLE STATEMENT | |
| Title | Negotiating essentials : Theory, skills, and practices |
| 260 ## - PUBLICATION, DISTRIBUTION, ETC. | |
| Place of publication, distribution, etc. | New Delhi |
| Name of publisher, distributor, etc. | Pearson |
| Date of publication, distribution, etc. | 2008 |
| 300 ## - PHYSICAL DESCRIPTION | |
| Extent | 288 p. Index :284-288 p. |
| Other physical details | Includes bibliographical references and index |
| 500 ## - GENERAL NOTE | |
| General note | Bibliography : 267-269 p. |
| 650 ## - SUBJECT ADDED ENTRY--TOPICAL TERM | |
| Topical term or geographic name entry element | Commerce |
| 700 ## - ADDED ENTRY--PERSONAL NAME | |
| Personal name | CARRELL Michael R |
| 9 (RLIN) | 307906 |
| Relator term | Co-Author |
| 700 ## - ADDED ENTRY--PERSONAL NAME | |
| Personal name | HEAVRIN Christina |
| Relator term | Co-Author |
| 942 ## - ADDED ENTRY ELEMENTS (KOHA) | |
| Classification part | X:8N92 , P8 |
| Koha item type | General Books |
| Source of classification or shelving scheme | Colon Classification (CC) |
| Withdrawn status | Lost status | Source of classification or shelving scheme | Damaged status | Not for loan | Home library | Current library | Date acquired | Source of acquisition | Cost, normal purchase price | Total Checkouts | Full call number | Barcode | Date last seen | Cost, replacement price | Price effective from | Koha item type |
|---|---|---|---|---|---|---|---|---|---|---|---|---|---|---|---|---|
| Colon Classification (CC) | Ratan Tata Library | Ratan Tata Library | 2022-09-26 | 5322, 01/10/2014, RAJKIRAN BOOK AGENCY | 467.50 | X:8N92 P8 | RT1460219 | 2022-09-26 | 467.50 | 2022-09-26 | General Books |
